Pays ayant les meilleurs raccourcis - Statistiques

Statistiques générales
  • Ce quiz a été pris 122 fois
  • Le résultat moyen est 9 sur 24
Statistiques - réponses
# Pays Type-in % Correct
6 États-Unis USA
79%
26 République Démocratique du Congo RDC
74%
20 Papouasie-Nouvelle-Guinée PNG
61%
14 Émirats Arabes Unis EAU
57%
12 République du Congo CONGO
52%
24 Saint-Vincent-et-les-Grenadines SVG
51%
13 Nouvelle-Zélande NZ
48%
16 Saint-Christophe-et-Niévès ST KITTS
47%
9 Trinité-et-Tobago TOBAGO
40%
15 République Dominicaine REP DOM
39%
9 Antigua-et-Barbuda ANTIGUA
36%
21 République Centrafricaine RCA
36%
4 Sainte-Lucie ST LUCIE
35%
21 États Fédérés de Micronésie EFM
33%
10 République Tchèque TCHEQUE
31%
4 Îles Marshall MARSHALL
30%
11 Sao Tomé-et-Principe SA|SO TOME
29%
11 Bosnie-Herzégovine BOSNIE
24%
4 Îles Salomon SALOMON
24%
11 Macédoine du Nord ARYM
19%
6 Allemagne RFA|BRD
16%
4 Biélorussie BELARUS
16%
4 Burkina Faso BURKINA
16%
4 Liechtenstein LITENSTEN
10%
Aucun quiz correspondant
Distribution des résultats
% des personnes avec chaque résultat
Percentile par nombre de réponses
Votre historique - résultats
Vous n’avez pas pris ce quiz